000
00270nam a2200109Ia 4500
008
220216s9999 xx 000 0 und d
245
0
_a
RRIM 600 series clones in estate trials
260
_b
Planters Bulletin
_c
1962
300
_a
85-93
650
_a
RRIM 600
942
_c
JS
999
_c
67319
_d
67319